000 00549nam a2200205Ia 4500
003 OSt
005 20220926035139.0
006 a|||||r|||| 00| 0
007 ta
008 220923b |||||||| |||| 00| 0 eng d
037 _cGeneral Book
040 _aRTL
_cRTL
_beng
041 _2eng
_aeng
082 _aY:1.73.N5, J1
100 _aDavis Kingsley
_920281
245 0 _aModern American Society
_b Readings in the problems
260 _c1951
942 _hY:1.73.N5, J1
_cGB
_2CC
999 _c661457
_d661457